| 000 | 00361nam a2200145Ia 4500 | ||
|---|---|---|---|
| 008 | 150201s2000 xx 000 0 und d | ||
| 082 |
_a616.07 _bT2000T |
||
| 100 | _aKUTSCHER,GOLDBERG | ||
| 245 | _aTEXTBOOK OF BASIC PATHOLOGY | ||
| 250 | _a4TH | ||
| 260 |
_bJAYPEE MEDICAL PUBLISHER _aDELHI _c2000 |
||
| 300 | _a1-950 | ||
| 650 | _aPATHOLOGY | ||
| 942 |
_2ddc _cBK |
||
| 999 |
_c3099 _d3099 |
||